000 00695nam a22002297a 4500
001 64502
003 UA-OsUOA
005 20220525151832.0
007 ta
008 20091105b un ||||| |||| 00| 0 ukr d
040 _aUA-OsUOA
_bukr
_cUA-OsUOA
_dUA-OsUOA
041 _aukr
080 _a37.012.94
090 _a37.012.94
_bІ-99
245 _aІсторія в школі
_bметодичний збірник
_nВип. 1
260 _aК.
_bРадянська школа
_c1949
300 _a95 с.
650 7 _a37.0 Основні види та принципи освіти
_2UDC
942 _cBK
_2udc
955 _a2
999 _c350760
_d350760